Norma Chilena Oficial NCh1066. EOf74

Na minha lista:
Detalhes bibliográficos
Autores corporativos: Instituto Nacional de Normalización (Autor), INN (Autor)
Formato: Livro
Idioma:espanhol
Publicado em: Santiago INN 1974
Assuntos:
Tags: Adicionar Tag
Sem tags, seja o primeiro a adicionar uma tag!

MARC

LEADER 00000nam a2200000 a 4500
001 UCM2014
003 CL-VaPUC
008 020419e19740000CL |||||||||||||||||spa|d
082 0 4 |a 664.09  |b INS  |2 21 
110 2 |a Instituto Nacional de Normalización  |e author  |9 468845 
710 2 |a INN  |e author  |9 468846 
245 1 0 |a Norma Chilena Oficial NCh1066. EOf74 
246 1 0 |a Envases metálicos para conservas de frutas, hortalizas y carnes 
246 1 0 |a Envases cilíndricos de tres piezas 
246 1 0 |a Dimensiones y formatos normales 
246 1 0 |a Metal containers for preserved fruits, vegetables and meat 
246 1 0 |a Three pieces round cans 
246 1 0 |a Dimensions and standard sizes 
300 |a 5 p 
942 |c BK 
945 |d 20020419 00:00:00  |a cmena 
260 |a Santiago  |b INN  |c 1974 
500 |a EJEMPLAR EN PODER DE DOCENTE BEATRIZ CANCINO, POR PROYECTO DE MEJORAMIENTO DE LA CALIDAD DE LA DOCENCIA 
650 7 |a ENVASES - ALIMENTOS EN CONSERVA  |2 CL-VaPUC  |9 468847 
650 7 |a ENVASES - NORMALIZACION  |2 CL-VaPUC  |9 468848 
583 |a last modification  |c 20020419 00:00:00  |k Rodrigo Vera 
999 |c 300104  |d 300102 
952 |0 0  |1 0  |4 0  |6 664_090000000000000_INS_1974  |7 0  |8 A  |9 357428  |a BIBALI  |b BIBALI  |c REF  |d 2019-11-21  |i 380917K  |o 664.09 INS 1974  |p 380917K  |r 2025-01-20  |w 2019-11-21  |y BK_F  |k ALI